Online katalóg knižníc regiónu Turca

Tomáš, James a červený balón : (Record no. 21357)

MARC details
000 -LEADER
fixed length control field 01254nam a2200409 a 4500
001 - CONTROL NUMBER
control field 21357
003 - CONTROL NUMBER IDENTIFIER
control field CZ PrNK
005 - DATE AND TIME OF LATEST TRANSACTION
control field 20260227151639.0
007 - PHYSICAL DESCRIPTION FIXED FIELD--GENERAL INFORMATION
fixed length control field ta
008 - FIXED-LENGTH DATA ELEMENTS--GENERAL INFORMATION
fixed length control field 080709s2008 xr a a 000 j slo
015 ## - NATIONAL BIBLIOGRAPHY NUMBER
National bibliography number cnb001810919
020 ## - INTERNATIONAL STANDARD BOOK NUMBER
International Standard Book Number 9788025209455
Qualifying information (váz.)
035 ## - SYSTEM CONTROL NUMBER
System control number (OCoLC)244815514
040 ## - CATALOGING SOURCE
Original cataloging agency ABA001
Language of cataloging cze
041 1# - LANGUAGE CODE
Language code of text/sound track or separate title slo
Language code of original eng
072 #7 - SUBJECT CATEGORY CODE
Subject category code 821-93
Subject category code subdivision Literatura pro děti a mládež (beletrie)
Source Konspekt
080 ## - UNIVERSAL DECIMAL CLASSIFICATION NUMBER
Universal Decimal Classification number 821-93
Edition identifier MRF
080 ## - UNIVERSAL DECIMAL CLASSIFICATION NUMBER
Universal Decimal Classification number 821-32
Edition identifier MRF
080 ## - UNIVERSAL DECIMAL CLASSIFICATION NUMBER
Universal Decimal Classification number (0:82-32)
Edition identifier MRF
245 00 - TITLE STATEMENT
Title Tomáš, James a červený balón :
Remainder of title podľa televízneho seriálu o rušni Tomášovi
250 ## - EDITION STATEMENT
Edition statement 1. vyd.
260 ## - PUBLICATION, DISTRIBUTION, ETC.
Place of publication, distribution, etc. V Prahe :
Name of publisher, distributor, etc. Egmont,
Date of publication, distribution, etc. 2008
300 ## - PHYSICAL DESCRIPTION
Extent 27 s. :
Other physical details barev. il. ;
Dimensions 21 x 23 cm
490 1# - SERIES STATEMENT
Series statement Tomáš a jeho kamaráti
500 ## - GENERAL NOTE
General note Přeloženo z angličtiny
500 ## - GENERAL NOTE
General note Nad názvem: Thomas & friends
655 #7 - INDEX TERM--GENRE/FORM
Genre/form data or focus term příběhy
Source of term czenas
655 #7 - INDEX TERM--GENRE/FORM
Genre/form data or focus term publikace pro děti
Source of term czenas
655 #9 - INDEX TERM--GENRE/FORM
Genre/form data or focus term stories
Source of term eczenas
655 #9 - INDEX TERM--GENRE/FORM
Genre/form data or focus term children's literature
Source of term eczenas
765 0# - ORIGINAL LANGUAGE ENTRY
Title Thomas, James and the red balloon
787 0# - OTHER RELATIONSHIP ENTRY
Title Dobrodružstvá rušňa Tomáša
830 #0 - SERIES ADDED ENTRY--UNIFORM TITLE
Uniform title Tomáš a jeho kamaráti
901 ## - LOCAL DATA ELEMENT A, LDA (RLIN)
b 9788025209455
f 1. vyd.
o 20080919
910 ## - USER-OPTION DATA (OCLC)
User-option data ABA001
942 ## - ADDED ENTRY ELEMENTS (KOHA)
Source of classification or shelving scheme Dewey Decimal Classification
Koha item type Krásna literatúra pre deti
Suppress in OPAC No
Holdings
Stav vyradenia Strata Poškodenie Spôsob nadobudnutia Domovská knižnica Aktuálna knižnica Dátum nadobudnutia Total checkouts Čiarový kód exemplára Date last seen Typ exemplára
      Dar Obecná knižnica Horná Štubňa Obecná knižnica Horná Štubňa 27.02.2026   9788025209455 27.02.2026 Krásna literatúra pre deti
Projekt je podporený Slovenskou asociáciou knižníc
Prevádzkuje Turčianska knižnica Martin 2026